| Tag |
First Indicator |
Second Indicator |
Subfields |
| LEADER |
00000cam a2200000Ia 4500 |
| 001 |
in00001702386 |
| 005 |
20151024154024.0 |
| 008 |
020910s2002 be a b 000 0 eng d |
| 020 |
|
|
|a 9066059354
|
| 035 |
|
|
|a (OCoLC)ocm50572942
|
| 040 |
|
|
|a OSU
|c OSU
|d TXA
|d UtOrBLW
|
| 049 |
|
|
|a TXAM
|
| 090 |
|
|
|a SB317.53
|b .I58 2000
|
| 111 |
2 |
|
|a International Symposium on Mediterranean Horticulture
|d (2000 :
|c Cairo, Egypt) Québec)
|
| 245 |
1 |
0 |
|a Proceedings of the international symposium on Mediterranean horticulture :
|b issues and prospects : Cairo, Egypt, 19 October, 2000 /
|c editors S. Sansavini, J. Janick, covener A. Abou Hadid, co-convener S. Sansavini.
|
| 246 |
3 |
0 |
|a International symposium on Mediterranean horticulture
|
| 264 |
|
1 |
|a Leuven, Belgium :
|b ISHS,
|c [2002]
|
| 264 |
|
4 |
|c ©2002
|
| 300 |
|
|
|a 270 pages :
|b illustrations ;
|c 24 cm.
|
| 336 |
|
|
|a text
|b txt
|2 rdacontent
|
| 337 |
|
|
|a unmediated
|b n
|2 rdamedia
|
| 338 |
|
|
|a volume
|b nc
|2 rdacarrier
|
| 490 |
1 |
|
|a Acta horticulturae,
|x 0567-7572 ;
|v 582
|
| 504 |
|
|
|a Includes bibliographical references.
|
| 650 |
|
0 |
|a Horticulture
|z Mediterranean Region
|v Congresses.
|
| 700 |
1 |
|
|a Sansavini, S.
|q (Silviero)
|
| 700 |
1 |
|
|a Janick, Jules,
|d 1931-
|
| 700 |
1 |
|
|a Abou-Hadid, Ayman F.
|
| 710 |
2 |
|
|a International Society for Horticultural Science.
|b Commission for Research Cooperation.
|
| 830 |
|
0 |
|a Acta horticulturae ;
|v no. 582.
|
| 994 |
|
|
|a E0
|b TXA
|
| 948 |
|
|
|a cataloged
|b h
|c 2002/9/26
|d c
|e bwalker
|f 10:51:30 am
|
| 999 |
|
|
|a MARS
|
| 999 |
f |
f |
|s d6213ab4-e8be-3913-bf34-181ea4dc91b6
|i e761f06e-8cb1-3a42-aa06-84b799cbebf0
|t 0
|
| 952 |
f |
f |
|p ric
|a Texas A&M University
|b Rellis Campus
|c Joint Library Facility
|d Remote Storage
|t 0
|e SB317.53 .I58 2000
|h Library of Congress classification
|i unmediated -- volume
|m A14829124030
|
| 998 |
f |
f |
|a SB317.53 .I58 2000
|t 0
|l Remote Storage
|